000 00371nam a2200145Ia 4500
008 230711s9999||||xx |||||||||||||| ||und||
041 _aENG
082 _a620.11
_bKI-M
100 _aKirpal Singh
245 0 _aMechanics of materials
250 _a4th Ed.
260 _c2003
_aNew Delhi
_bStandard Publishing Distributors
650 _aMechanical Engineering
942 _cBK
999 _c4235
_d4235